| 000 | 00337nam a2200121Ia 4500 | ||
|---|---|---|---|
| 008 | 241015s9999 xx 000 0 und d | ||
| 041 | _aeng | ||
| 082 | _a658.11 COH | ||
| 100 | _aCohen | ||
| 245 | _aDo More Faster India : Techstars Lessons To Accelerate Your Startup | ||
| 260 |
_bWiley India _aNew Delhi _c2020 |
||
| 300 | _a374;. P. 23 cm | ||
| 999 |
_c41823 _d41823 |
||